000 01338nam a2200229Ia 4500
999 _c52152
_d52152
001 19159
003 GE_BSU
005 20210406130238.0
008 181216s2016||||ge |||||||||||||| ||geo||
040 _cGE_BSU
041 _ageo
080 _a82 ჯ-50
100 _aჯიოშვილი, ანა
_911102
245 _aმითოსური არქეტიპები და მათი ტრანსფორმაცია ჯონ ფაულზის პროზაში /
_cანა ჯიოშვილი; სამეცნიერო ხელმძღვანელი მ. გიორგაძე; ბათუმის შოთა რუსთაველის სახ-ფო უნ-ტი.
264 _aბათუმი :
_bბათუმის შოთა რუსთაველის სახ. უნ-ტი,
_c2016.
300 _a115 გვ. ;
_b30 სმ.
653 _aდისერტაცია
653 _aლიტმცოდნეობა
653 _aმითოსური არქეტიპები და მათი ტრანსფორმაცია ჯონ ფაულზის პროზაში.
700 _aგიორგაძე, მ.
_eსამეცნიერო ხელმძღვანელი
_94082
942 _cBK
_2udc